LIBRARY ONLINE CATALOGUE

Java : (Record no. 4269)

MARC details
000 -LEADER
fixed length control field 00703cam a22002292 4500
001 - CONTROL NUMBER
control field 0000021265
005 - DATE AND TIME OF LATEST TRANSACTION
control field 20151217145932.0
008 - FIXED-LENGTH DATA ELEMENTS--GENERAL INFORMATION
fixed length control field 120306s xx 000 0 eng d
020 ## - INTERNATIONAL STANDARD BOOK NUMBER
International Standard Book Number 8120338326
040 ## - CATALOGING SOURCE
Original cataloging agency KABU
Transcribing agency KABU
050 #0 - LIBRARY OF CONGRESS CALL NUMBER
Classification number QA76.73
Item number .J38D45 2010
100 1# - MAIN ENTRY--PERSONAL NAME
Personal name Deitel, Paul.
-- 0000182113
245 10 - TITLE STATEMENT
Title Java :
Remainder of title how to program /
Statement of responsibility, etc. Paul Deitel, Harvey Deitel.
250 ## - EDITION STATEMENT
Edition statement 8th ed.
260 ## - PUBLICATION, DISTRIBUTION, ETC. (IMPRINT)
Place of publication, distribution, etc. New Delhi :
Name of publisher, distributor, etc. PHI learning,
Date of publication, distribution, etc. 2010.
300 ## - PHYSICAL DESCRIPTION
Extent xxxviii, 1506 p. +
Accompanying material 1 CD-ROMs.
650 #0 - SUBJECT ADDED ENTRY--TOPICAL TERM
Topical term or geographic name as entry element Java (Computer program language)
-- 0000148169
700 1# - ADDED ENTRY--PERSONAL NAME
Personal name Deitel, Harvey.
-- 0000182114
852 1# - LOCATION
-- p1990 KES
908 ## - PUT COMMAND PARAMETER (RLIN)
Put command parameter 120306
950 ## - LOCAL HOLDINGS (RLIN)
-- 1
Holdings
Withdrawn status Lost status Source of classification or shelving scheme Not for loan Home library Current library Date acquired Total Checkouts Total Renewals Full call number Barcode Date last seen Date last checked out Price effective from Koha item type Checked out
    Library of Congress Classification   Kabarak, Main Campus Kabarak, Main Campus 17/12/2015 12 2 QA76.73 .J38D45 2010 c.2 20755 11/10/2025 08/10/2025 17/12/2015 General Collection  
    Library of Congress Classification   Kabarak, Main Campus Kabarak, Main Campus 17/12/2015 16 5 QA76.73 .J38D45 2010 c.1 20656 04/04/2022 04/04/2022 17/12/2015 General Collection 20/04/2022